Counter-Strike - Every FaZe Player in history - Statistics

General Stats
  • This quiz has been taken 12 times
  • The average score is 16 of 25
Answer Stats
joined in Map played Total rating Highest rank Country Player % Correct
2019 Still going 1.11 1 LV.gif broky
88%
2023 Still going 1.15 1 SK.gif frozen
88%
2017 484 1.10 1 SK.gif GuardiaN
88%
2016 1465 0.90 1 DK.gif karrigan
88%
2017 792 1.20 1 BA.gif NiKo
88%
2022 528 1.15 1 EE.gif ropz
88%
2025 22 1.11 8 UA.gif s1mple
88%
2021 Still going 1.12 1 CA.gif Twistzz
88%
2025 113 1.12 5 US.gif EliGE
75%
2025 Still going 0.97 5 PL.gif jcobbb
75%
2017 670 1.03 1 SE.gif olofmeister
75%
2016 1848 1.09 1 NO.gif rain
75%
2019 65 0.95 4 KZ.gif AdreN
63%
2016 235 1.06 2 FI.gif allu
63%
2019 292 1.06 3 BR.gif coldzera
63%
2019 45 0.85 5 PL.gif NEO
63%
2020 36 0.92 3 LT.gif Bymas
50%
2016 88 0.99 8 PT.gif fox
50%
2016 169 1.01 8 NO.gif jkaem
50%
2016 278 1.04 2 FR.gif Kioshima
50%
2016 25 0.90 8 SE.gif Maikelele
38%
2018 59 0.96 1 SE.gif Xizt
38%
2016 218 1.07 4 DK.gif aizy
25%
2020 76 0.96 8 DK.gif Kjaerbye
25%
2018 27 1.08 2 NO.gif cromen
13%
No matching quizzes found
Score Distribution
Percent of People with Each Score
Percentile by Number Answered
Your Score History
You have not taken this quiz